[Event "FRA-chT"]
[Site "?"]
[Date "1989.??.??"]
[Round "?"]
[White "Denis, Laurent"]
[Black "Bernard, Christophe"]
[Result "0-1"]
[WhiteElo "2170"]
[BlackElo "2320"]

1.e4 g6 2.d4 Bg7 3.Nc3 d6 4.Be3 Nf6 5.Qd2 O-O 6.f3 a6 7.O-O-O b5 8.h4 Nbd7
9.Bh6 e5 10.d5 Bxh6 11.Qxh6 Nh5 12.Nge2 b4 13.Nb1 Qf6 14.Qe3 Nc5 15.g3 Bd7
16.c4 bxc3 17.Nbxc3 Rab8 18.Kb1 Rb6 19.g4 Nf4 20.Ng3 Rfb8 21.Rd2 Qe7 22.Ka1 h6
23.Nge2 Qf6 24.Ng3 a5 25.Rdh2 Qe7 26.g5 h5 27.Rd2 a4 28.Rhh2 f6 29.gxf6 Qxf6
30.Rh1 Kh7 31.Nge2 a3 32.b3 Rf8 33.Nc1 c6 34.dxc6 Bxc6 35.Bc4 Bd7 36.Rhh2 Be6
37.Bxe6 Qxe6 38.Nd5 Nxd5 39.exd5 Qf6 40.Nd3 e4+ 41.Kb1 exd3 42.Rhg2 Rb7  0-1

[Event "Frankfurt"]
[Site "Frankfurt"]
[Date "1989.??.??"]
[Round "3"]
[White "Gipslis, Aivars"]
[Black "Alber, Horst"]
[Result "1-0"]
[WhiteElo "2485"]
[BlackElo "2360"]

1.e4 g6 2.d4 Bg7 3.Nc3 d6 4.Be2 Nc6 5.Be3 Nf6 6.Nf3 O-O 7.O-O e5 8.h3 exd4
9.Nxd4 Re8 10.Nxc6 bxc6 11.Bf3 Nd7 12.Rb1 Ne5 13.Be2 Be6 14.f4 Nc4 15.Bd4 f6
16.b3 Na3 17.Rc1 a6 18.Na4 Nb5 19.Bb2 c5 20.Bf3 Rb8 21.c4 Na7 22.e5 fxe5
23.fxe5 Qd7 24.exd6 Bxb2 25.Nxb2 cxd6 26.Rc2 Nc6 27.Bxc6 Qxc6 28.Rd2 Rbd8
29.Qf3 Qxf3 30.Rxf3 d5 31.Re3 dxc4 32.Rxd8 Rxd8 33.Rxe6 c3 34.Re2 cxb2 35.Rxb2 Kf7
36.Rc2 Rd5 37.Rc4 Ke6 38.Ra4 Rd6 39.Kf2 Kd5 40.Ke3 Re6+ 41.Kf4 h6 42.h4 Re2
43.Kf3 Re6 44.g3 Rf6+ 45.Kg4 Ke5 46.h5 g5 47.Rc4 Kd5 48.Rc2 Rf8 49.Re2 Rf6
50.Rd2+ Ke5 51.Rd8 Rb6 52.Re8+ Re6 53.Rc8 Kd4 54.Kf5 Re2 55.Rc6 Rxa2 56.Rxh6 Rb2
57.Rd6+ Kc3 58.Rxa6 Rxb3 59.h6 c4 60.h7 Rb8 61.Kxg5 Kd2 62.Rd6+ Ke2 63.Rc6 Kd3
64.g4 c3 65.Kf5 c2 66.g5 Rb5+ 67.Kg4 Rb4+ 68.Kg3 Rb8 69.g6 Rb6 70.Rxc2 Rxg6+
71.Kf4 Rh6 72.Rc7 Rh5 73.Rd7+  1-0

[Event "Frunze op"]
[Site "Frunze"]
[Date "1989.??.??"]
[Round "?"]
[White "Kengis, Edvins"]
[Black "Kanstler, Boris"]
[Result "1-0"]
[WhiteElo "2465"]
[BlackElo "2425"]

1.e4 g6 2.d4 Bg7 3.Nc3 d6 4.Be2 Nf6 5.Nf3 O-O 6.O-O Nc6 7.d5 Nb8 8.Re1 c6
9.a4 a5 10.h3 Bd7 11.Bg5 h6 12.Be3 Be8 13.Qd2 Kh7 14.Nd4 Na6 15.f4 Nc5 16.Bf3 cxd5
17.exd5 Bd7 18.Bf2 Re8 19.b3 Rc8 20.Rad1 e5 21.dxe6 fxe6 22.Ndb5 Bxb5 23.Nxb5 d5
24.Qe2 Nfe4 25.c4 Nc3 26.Nxc3 Bxc3 27.cxd5 Bxe1 28.Rxe1 Qd6 29.Qb5 Re7 30.dxe6 Nxe6
31.f5 Nf8 32.Rf1 Rcc7 33.Qxa5 Re5 34.Qb6 Qxb6 35.Bxb6 Rf7 36.fxg6+ Nxg6 37.Rd1 Nf4
38.Kh2 Re6 39.a5 Ree7 40.Rd8 Ne6 41.Rb8 Rd7 42.b4 Kg6 43.b5 Ng5 44.Bg4 Rd2
45.Rg8+ Kh7 46.Re8 Rb2 47.Bd4 Rxb5 48.Be2 Rb3 49.Bd1  1-0

[Event "Troll Masters"]
[Site "Gausdal"]
[Date "1989.??.??"]
[Round "?"]
[White "Westerinen, Heikki MJ"]
[Black "Hoi, Carsten"]
[Result "0-1"]
[WhiteElo "2400"]
[BlackElo "2460"]

1.e4 d6 2.d4 g6 3.Nc3 Bg7 4.Nf3 Nf6 5.Be2 O-O 6.O-O Bg4 7.Be3 Nc6 8.Qd2 e5
9.dxe5 dxe5 10.Rad1 Qc8 11.h3 Bxf3 12.Bxf3 Rd8 13.Nd5 Nxd5 14.exd5 Ne7 15.Qb4 Nf5
16.Bg4 a5 17.Qb5 e4 18.Bxf5 Qxf5 19.Qxb7 Be5 20.Qc6 Rab8 21.b3 Bd6 22.Bc5 Be5
23.Be3 Bd6 24.f4 h5 25.Qc4 a4 26.Qxa4 Ra8 27.Qc4 Rxa2 28.Rf2 Rda8 29.Qd4 R8a5
30.b4 R5a3 31.Bc1 Rg3 32.Bb2 Rxb2 33.Qxb2 e3 34.Re2 Qxh3 35.Ra1 Qg4 36.c4 Rh3
37.Ra8+ Bf8 38.b5 Qg3 39.Rxf8+ Kxf8 40.Qh8+ Ke7 41.Qe5+ Kd7  0-1

[Event "Dreszer op"]
[Site "Gdynia"]
[Date "1989.??.??"]
[Round "8"]
[White "Zolnierowicz, Krzysztof"]
[Black "Tseitlin, Mark D"]
[Result "1-0"]
[WhiteElo "2405"]
[BlackElo "2430"]

1.e4 g6 2.d4 Bg7 3.Nc3 d6 4.Nf3 Bg4 5.Be3 Nc6 6.Bb5 a6 7.Bxc6+ bxc6 8.h3 Bd7
9.O-O Rb8 10.Rb1 Nf6 11.Qd2 h6 12.Rfe1 Kf8 13.Qd3 Qc8 14.Nd2 Kg8 15.Rf1 Kh7
16.f4 Rf8 17.f5 gxf5 18.exf5 Rg8 19.Rf4 a5 20.b3 Bf8 21.Rbf1 c5 22.Rh4 cxd4
23.Qxd4 Rb4 24.Nc4 Bc6 25.g4 Ba8 26.Qd2 h5 27.Kh2 d5 28.g5 dxc4 29.gxf6 Rg2+
30.Qxg2 Bxg2 31.Rxh5+ Kg8 32.Rg1 exf6 33.Rxg2+ Bg7 34.Bh6 Kf8 35.Bxg7+ Ke7
36.Rd2 c6 37.Ne4  1-0

[Event "Geneve YM"]
[Site "Geneve"]
[Date "1989.??.??"]
[Round "?"]
[White "Faure, Jean"]
[Black "Chabanon, Jean Luc"]
[Result "1/2-1/2"]
[WhiteElo "2200"]
[BlackElo "2250"]

1.e4 g6 2.d4 Bg7 3.Nc3 d6 4.f4 Nf6 5.Nf3 c5 6.dxc5 Qa5 7.Bd3 Qxc5 8.Qe2 O-O
9.Be3 Qa5 10.O-O Bg4 11.Rad1 Nc6 12.Bc4 Rad8 13.Bb3 e6 14.h3 Bxf3 15.Qxf3 Ne7
16.Qf2 Rc8 17.Qh4 d5 18.f5 gxf5 19.exf5 exf5 20.Bd4 Ng6 21.Qf2 f4 22.Nxd5 Nxd5
23.Bxg7 Ne3 24.Bxf8 Rxf8 25.Rfe1 Nxd1 26.Rxd1 Rd8 27.Rxd8+ Qxd8 28.c3 b6
29.Kf1 Qe7 30.Qe2 Ne5 31.Qe4 Qf6 32.Bc2 h6 33.Bd1 Kg7 34.Be2 a5 35.b3 Kf8
36.Qd5 Kg7 37.a3 Kf8 38.b4 axb4 39.axb4 Kg7 40.c4 Nc6 41.b5 Nd4 42.Qe4 Nf5
43.Kg1 Ng3 44.Qf3 Qd4+ 45.Kh2 Qd2 46.Bf1 Qc1 47.Kg1 Kf6 48.Qc6+ Kg5 49.Qd5+ Kf6
50.Qd4+ Kf5 51.Qd3+ Kg5 52.Qd8+ Kh5 53.Qd5+ Kg6 54.Qd6+ f6 55.Qd3+ Kg5 56.Qd5+ Kh4
57.Qf3 h5 58.Qf2 Kg5 59.Qf3 Nf5 60.Qd5 Qe3+ 61.Kh2 Qg3+ 62.Kg1 Qe3+  1/2-1/2

[Event "BL2-W8889"]
[Site "Germany"]
[Date "1989.??.??"]
[Round "?"]
[White "Tamm, Ulrich"]
[Black "Mainka, Gregor"]
[Result "1-0"]
[WhiteElo "2270"]
[BlackElo "2285"]

1.e4 g6 2.d4 Bg7 3.Nc3 d6 4.f4 a6 5.a4 Nf6 6.Nf3 c5 7.e5 Nfd7 8.e6 fxe6 9.Ng5 Nf6
10.dxc5 O-O 11.cxd6 exd6 12.Bd3 Nc6 13.O-O d5 14.Qe2 Qd6 15.Re1 Bd7 16.Nf3 Rae8
17.Ne5 Qc5+ 18.Kh1 Nxe5 19.fxe5 Nh5 20.Qg4 d4 21.Ne4 Qxe5 22.Bd2 Qc7 23.Bb4 e5
24.Qd1 Rf4 25.g3 Rg4 26.Qf3 Qc6 27.Rf1 Nf6 28.Nxf6+ Bxf6 29.Kg1 Qxf3 30.Rxf3 Bg7
31.Raf1 e4 32.Bc4+ Be6 33.Bxe6+ Rxe6 34.Rf7 Rb6 35.Bc5 Rxb2 36.Rc7 Rg5 37.Rc8+ Bf8
38.Rcxf8+ Kg7 39.Bxd4+  1-0

[Event "BL2-W8889"]
[Site "Germany"]
[Date "1989.??.??"]
[Round "?"]
[White "Gawehns, Klaus"]
[Black "Watson, William N"]
[Result "0-1"]
[WhiteElo "2355"]
[BlackElo "2505"]

1.d4 d6 2.Nc3 g6 3.e4 Bg7 4.Be3 a6 5.a4 b6 6.Nf3 Nf6 7.h3 Bb7 8.Bd3 O-O 9.O-O Nc6
10.Qd2 e5 11.d5 Ne7 12.a5 b5 13.Bh6 Rc8 14.Bxg7 Kxg7 15.Nh2 c6 16.f4 cxd5
17.fxe5 dxe5 18.Rxf6 Kxf6 19.Ng4+ Ke6 20.exd5+ Nxd5 21.Re1 f6 22.Ne4 Kf7
23.Qf2 Kg7 24.Nc5 Rxc5 25.Qxc5 Qxa5 26.Rd1 Qb6 27.Qxb6 Nxb6 28.Be2 h5 29.Ne3 f5
30.Rd6 Rf6 31.Rd8 Rf8 32.Rd6 Rf6 33.Rd8 f4 34.Nd1 e4 35.b3 Re6 36.c4 bxc4
37.bxc4 Re7 38.Nc3 Kf6 39.c5 Nd7 40.Bxa6 Nxc5 41.Bxb7 Nxb7 42.Rf8+ Ke5 43.Ne2 g5
44.h4 Nc5 45.hxg5 Ne6 46.Rh8 Rg7 47.Rxh5 Rxg5 48.Rxg5+ Nxg5 49.Kf1 Ne6 50.Ke1 Kd5
51.Kd2 Kc4 52.Ng1 e3+ 53.Ke1 Kd3 54.Nh3 Ke4 55.Ke2 Nd4+ 56.Ke1 Kf5 57.Kf1 Kg4
58.Ke1 Kg3  0-1

[Event "BL2-N8889"]
[Site "Germany"]
[Date "1989.??.??"]
[Round "?"]
[White "Meier, Volker"]
[Black "Vogel, Robert"]
[Result "1/2-1/2"]
[WhiteElo "2225"]
[BlackElo "2320"]

1.e4 g6 2.d4 Bg7 3.Nc3 d6 4.Be3 c6 5.a4 Nf6 6.h3 O-O 7.Nf3 Na6 8.Be2 b6 9.O-O Nc7
10.Qd2 Bb7 11.Bh6 c5 12.Bxg7 Kxg7 13.Qe3 e6 14.Rfd1 Qe7 15.e5 Nfd5 16.exd6 Qxd6
17.dxc5 Qxc5 18.Nxd5 Nxd5 19.Qxc5 bxc5 20.Ne5 Nf4 21.Bf3 Bxf3 22.Nxf3 Rfd8
23.Ne5 Rd5 24.Ng4 Rad8 25.Ne3 Rd4 26.Kf1 f5 27.c3 Rd2 28.Rxd2 Rxd2 29.Nc4 Rd8
30.a5 a6 31.h4 Kf6 32.g3 Nd5 33.Re1 Ne7 34.Re5 Rd5 35.Re1 e5 36.Ke2 Nc6 37.Ra1 h6
38.Ra3 Na7 39.Rb3 Nb5 40.Na3 Nxa3 41.Rxa3 Rd6 42.Rb3 Ke6 43.c4 e4 44.Rb7 Ke5
45.b3 Rd3 46.Rb6 Rd6 47.Rb8 Rd3  1/2-1/2

[Event "BL2-N8889"]
[Site "Germany"]
[Date "1989.??.??"]
[Round "?"]
[White "Oppitz, Peter"]
[Black "Vogel, Robert"]
[Result "1-0"]
[WhiteElo "2265"]
[BlackElo "2320"]

1.e4 g6 2.d4 Bg7 3.Nc3 d6 4.f4 Nc6 5.Be3 Nf6 6.Be2 O-O 7.Nf3 a6 8.e5 Ng4
9.Bg1 b5 10.h3 Nh6 11.Bf2 Bb7 12.Qd2 Na5 13.O-O-O Nc4 14.Bxc4 bxc4 15.Qe2 Rb8
16.Qxc4 Bxf3 17.gxf3 Nf5 18.Qxa6 Rb6 19.Qa3 Qb8 20.Nd5 Rc6 21.Rd3 Qc8 22.Nb4 Rb6
23.d5 Rb8 24.Nc6 Ra8 25.Qb3 Qa6 26.Kb1 Bh6 27.exd6 cxd6 28.Be3 Rfc8 29.a3 Bg7
30.Re1 Rc7 31.Qb6 Qc8 32.Rb3 e6 33.c4 Qd7 34.Bd2 h5 35.Ba5 Rcc8 36.Qb7 Qxb7
37.Rxb7 exd5 38.cxd5 Re8 39.Re4 Ng3 40.Ree7 Rxe7 41.Nxe7+ Kh7 42.Bc7  1-0

[Event "NRW-Liga I 8889"]
[Site "Germany"]
[Date "1989.??.??"]
[Round "?"]
[White "Maus, Siegfried"]
[Black "Ingenerf, Stephan"]
[Result "1/2-1/2"]
[WhiteElo "2330"]
[BlackElo "2275"]

1.e4 g6 2.d4 Bg7 3.Nc3 d6 4.f4 Nc6 5.Be3 Nf6 6.Be2 e5 7.dxe5 dxe5 8.Qxd8+ Kxd8
9.O-O-O+ Bd7 10.fxe5 Nxe5 11.h3 Re8 12.Nf3 Nxf3 13.Bxf3 Kc8 14.Rd3 Be6 15.Rhd1 Nd7
16.Bg5 c6 17.Kb1 Kc7 18.Ne2 Ne5 19.Bf4 Rad8 20.Nd4 Bd7 21.R3d2 Kc8 22.Be2 f6
23.Nf3 Nf7 24.Bd3 Bh6 25.Bxh6 Nxh6 26.Rf1 c5 27.Kc1 Bc6 28.Nh2 c4 29.Bxc4 Rxd2
30.Kxd2 Rxe4 31.Bd3 Re6 32.Nf3 Rd6 33.Kc3 Nf7 34.Rf2 Kd8 35.h4 Ke7 36.a3 Nd8
37.Nd4 Bd7 38.Re2+ Kf8 39.Bc4 a6 40.Rd2 Ke7  1/2-1/2

[Event "NRW-Liga I 8889"]
[Site "Germany"]
[Date "1989.??.??"]
[Round "?"]
[White "Nikolaiczuk, Lothar"]
[Black "Ingenerf, Stephan"]
[Result "1/2-1/2"]
[WhiteElo "2290"]
[BlackElo "2275"]

1.e4 g6 2.d4 Bg7 3.Nc3 d6 4.Nf3 Nf6 5.h3 O-O 6.Be3 Nc6 7.g3 e5 8.Bg2 exd4
9.Nxd4 Nxd4 10.Bxd4 Bd7 11.O-O Bc6 12.Re1 Re8 13.a4 Nd7 14.Bxg7 Kxg7 15.Nd5 a5
16.Qd4+ f6 17.Nf4 Nc5 18.Nd3 Ne6 19.Qc4 Ng5 20.Nf4 Qe7 21.h4 Ne6 22.Nd3 Qf7
23.Qc3 Re7 24.b3 Qe8 25.Re3 Nd8 26.Rae1 Ne6 27.g4 h6 28.Rg3 g5 29.Rf3 Rf7
30.Rf5 gxh4 31.f4 Qe7 32.e5 fxe5 33.Bxc6 bxc6 34.fxe5 Rxf5 35.gxf5 Qg5+ 36.Kh1 Qxf5
37.exd6+ Kh7 38.Qe5 Qf3+ 39.Kh2 Ng5 40.Qe7+  1/2-1/2

[Event "BL2-SW8889"]
[Site "Germany"]
[Date "1989.??.??"]
[Round "?"]
[White "Pfrommer, Christoph"]
[Black "Buchal, Stephan"]
[Result "1/2-1/2"]
[WhiteElo "2335"]
[BlackElo "2320"]

1.e4 g6 2.d4 Bg7 3.Nc3 d6 4.f4 Nf6 5.Nf3 c5 6.dxc5 Qa5 7.Bd3 Qxc5 8.Qe2 Bg4
9.Be3 Qa5 10.O-O Nc6 11.h3 Bxf3 12.Qxf3 O-O 13.a3 Nd7 14.Bd2 Qb6+ 15.Kh1 Nc5
16.Rab1 Nxd3 17.cxd3 f5 18.Nd5 Qd8 19.Bc3 e6 20.Bxg7 Kxg7 21.Nc3 Qd7  1/2-1/2

[Event "BL2-N8889"]
[Site "Germany"]
[Date "1989.??.??"]
[Round "?"]
[White "Buchenau, Frank"]
[Black "Engelbert, Christoph"]
[Result "1-0"]
[WhiteElo "2350"]
[BlackElo "2220"]

1.e4 g6 2.d4 Bg7 3.Nc3 d6 4.g3 Nc6 5.d5 Ne5 6.f4 Bg4 7.Be2 Bxe2 8.Qxe2 Nd7
9.Nf3 c6 10.dxc6 bxc6 11.Be3 e6 12.O-O Ne7 13.Rad1 d5 14.exd5 cxd5 15.Nb5 O-O
16.c4 Qa5 17.a3 a6 18.Nbd4 Rfc8 19.c5 Nb8 20.Rd3 Nbc6 21.b4 Qa4 22.g4 Nxd4
23.Bxd4 Bxd4+ 24.Nxd4 Nc6 25.Nxc6 Qxc6 26.Qe5 Qc7 27.Qd4 a5 28.f5 axb4 29.axb4 exf5
30.gxf5 Ra2 31.Rg3 Qd7 32.fxg6 fxg6 33.b5 Re8 34.c6 Qe6 35.Rgf3 Qd6 36.R1f2 Re1+
37.Kg2 Ree2 38.Rxe2 Rxe2+ 39.Rf2 Re4 40.Qc3 Qe6 41.Qf3 Qe8 42.b6 Re5 43.Qf8+  1-0

[Event "Hessen-ch"]
[Site "Germany"]
[Date "1989.??.??"]
[Round "2"]
[White "Schmitzer, Klaus"]
[Black "Alber, Horst"]
[Result "1/2-1/2"]
[WhiteElo "2325"]
[BlackElo "2360"]

1.e4 g6 2.d4 Bg7 3.Nc3 d6 4.Be3 Nd7 5.Qd2 c6 6.h4 Ngf6 7.f3 b5 8.O-O-O b4
9.Nce2 Rb8 10.Kb1 Qa5 11.Nc1 h5 12.Nh3 Ba6 13.Ng5 Bxf1 14.Rhxf1 e6 15.Bf4 Bf8
16.Qf2 Be7 17.Qg3 e5 18.dxe5 Nxe5 19.Nb3 Qc7 20.Bxe5 dxe5 21.Nd4 Rg8 22.Ne2 Rg7
23.f4 exf4 24.Nxf4 Qe5 25.Qb3 Rb7 26.Qc4 Qb5 27.Qb3 Rd7 28.Rfe1 a5 29.Qf3 Ng4
30.Rxd7 Kxd7 31.e5 Nxe5 32.Qe3 Qa6 33.Qd4+ Ke8 34.Qe3  1/2-1/2

[Event "Hessen-ch"]
[Site "Germany"]
[Date "1989.??.??"]
[Round "8"]
[White "Zude, Arno"]
[Black "Alber, Horst"]
[Result "1/2-1/2"]
[WhiteElo "2320"]
[BlackElo "2360"]

1.e4 g6 2.d4 Bg7 3.Nc3 d6 4.Nf3 c6 5.Be3 b5 6.a4 b4 7.Nb1 Nf6 8.Nbd2 a5 9.h3 O-O
10.Bd3 Bb7 11.O-O Na6 12.Qe2 Nd7 13.Nc4 d5 14.exd5 cxd5 15.Nce5 Nxe5 16.Nxe5 Qd6
17.Bf4 Qf6 18.Bg3 Nb8 19.Rad1 Bc8 20.Rfe1 Qb6 21.c4 bxc3 22.bxc3 Ba6 23.Rb1 Bxd3
24.Nxd3 Qc6 25.Nc5 e6 26.Qb5 Rc8 27.Bxb8 Qxb5 28.axb5 Rcxb8 29.Na4 Kf8 30.b6 Ke8
31.Rb5 Kd8 32.Ra1 Ra6 33.Rab1 Bf8 34.Kf1 Rb7 35.Ke2 Kd7 36.Kd3 Kc6 37.R5b3 Ra8
38.c4  1/2-1/2

[Event "Groningen"]
[Site "Groningen"]
[Date "1989.??.??"]
[Round "?"]
[White "Spasov, Vasil"]
[Black "Azmaiparashvili, Zurab"]
[Result "1/2-1/2"]
[WhiteElo "2430"]
[BlackElo "2575"]

1.e4 d6 2.d4 g6 3.Nc3 Bg7 4.h4 c6 5.h5 Qb6 6.Nge2 e5 7.h6 Bf6 8.d5 Ne7 9.dxc6 Qxc6
10.Be3 O-O 11.Qd2 Bh8 12.O-O-O Rd8 13.Kb1 Qe8 14.f3 Be6 15.Nd5 Bxd5 16.exd5 Na6
17.g4 Nc7 18.c4 b5 19.Nc3 bxc4 20.Bxc4 Rdb8 21.Ne4 Qd7 22.Bg5 Ne8 23.Rc1 Rb7
24.Rc3 a5 25.Rb3 Rxb3 26.Bxb3 Kf8 27.a3 Rb8 28.Qc2 Qc7 29.Qxc7 Nxc7 30.Bc4 Ncxd5
31.Bxd5 Nxd5 32.Rd1 Nb6 33.Rxd6 f5 34.Nf6 Nc4 35.Rc6 Bxf6 36.Rxf6+ Ke8 37.gxf5 gxf5
38.Rxf5 Rxb2+ 39.Kc1 Rg2 40.a4 Kd7 41.Rf7+ Ke6 42.Re7+  1/2-1/2

[Event "Groningen op"]
[Site "Groningen"]
[Date "1989.??.??"]
[Round "3"]
[White "Bosman, Michiel"]
[Black "Hoi, Carsten"]
[Result "0-1"]
[WhiteElo "2330"]
[BlackElo "2460"]

1.e4 d6 2.d4 g6 3.Nc3 Bg7 4.Nf3 Nf6 5.h3 O-O 6.Be3 a6 7.a4 b6 8.Bc4 e6 9.O-O Bb7
10.d5 exd5 11.exd5 Nbd7 12.Nd4 Nc5 13.Qf3 Re8 14.Nc6 Qd7 15.Rad1 Nfe4 16.Nxe4 Nxe4
17.Bd4 Nc5 18.b3 Ne4 19.Rfe1 Nd2 20.Qc3 Bxd4 21.Qxd4 Nxc4 22.Qxc4 Rxe1+ 23.Rxe1 Re8
24.Re4 a5 25.Qe2 Kf8 26.Qc4 Rxe4 27.Qxe4 Qe8 28.f3 Qxe4 29.fxe4 Bxc6 30.dxc6 Ke7
31.Kf2 Ke6 32.Ke3 d5 33.exd5+ Kxd5 34.Kf4 f6 35.g4 Kxc6 36.g5 f5 37.Ke5 Kc5
38.h4 c6 39.h5 b5 40.c3 bxa4 41.bxa4  0-1

[Event "Groningen op"]
[Site "Groningen"]
[Date "1989.??.??"]
[Round "4"]
[White "Fette, Martin"]
[Black "Schlosser, Michael"]
[Result "0-1"]
[WhiteElo "2385"]
[BlackElo "2440"]

1.e4 g6 2.d4 Bg7 3.Nc3 d6 4.f4 Nf6 5.Nf3 O-O 6.Be2 c5 7.dxc5 Qa5 8.O-O Qxc5+
9.Kh1 Nbd7 10.Bd3 a6 11.Qe1 b5 12.Be3 Qc7 13.Qh4 Bb7 14.a3 Rac8 15.Rae1 Rfe8
16.Bd2 Bc6 17.Re2 Nf8 18.f5 Qb7 19.b4 N8d7 20.Bh6 Qb6 21.Nd1 Bb7 22.Ng5 Ne5
23.fxg6 hxg6 24.h3 Qd4 25.Ref2 Rc7 26.Rf4 Bc8 27.Nf3 Nxf3 28.R4xf3 Be6 29.Ne3 Rc3
30.Ng4 Nxg4 31.hxg4 Bxh6 32.Qxh6 Qh8 33.Qxh8+ Kxh8 34.e5 dxe5 35.Be4 Rc4
36.Bb7 Rb8 37.Rh3+ Kg7 38.Bf3 Rxc2  0-1

[Event "EU-chT"]
[Site "Haifa"]
[Date "1989.??.??"]
[Round "1"]
[White "Gruenfeld, Yehuda"]
[Black "McNab, Colin Anderson"]
[Result "0-1"]
[WhiteElo "2530"]
[BlackElo "2435"]

1.e4 g6 2.d4 d6 3.Nc3 Bg7 4.f4 Nf6 5.Nf3 c5 6.Bb5+ Nc6 7.d5 a6 8.Be2 Na7
9.O-O O-O 10.a4 Rb8 11.e5 Nd7 12.Ne4 dxe5 13.c4 Nf6 14.Nc3 e4 15.Ne5 Qc7
16.Be3 b6 17.Qd2 Bd7 18.a5 bxa5 19.Ra2 Rb4 20.Rfa1 Rfb8 21.Bd1 Nc8 22.Qf2 Nd6
23.b3 Ng4 24.Bxg4 Bxg4 25.Na4 Rxb3 26.Re1 Bxe5 27.fxe5 Nxc4 28.Bf4 Nxe5 29.Nxc5 Rb1
30.Ra1 Rxa1 31.Rxa1 Rc8 32.Nxe4 Nf3+ 33.Qxf3 Bxf3 34.Bxc7 Bxe4 35.d6 exd6
36.Bxd6 Rc2 37.g4 Rg2+ 38.Kf1 Rxg4 39.Rxa5 Bd3+ 40.Kf2 Bb5 41.Ra3 Kg7 42.Be5+ f6
43.Ba1 Rf4+ 44.Kg3 g5  0-1

[Event "EU-chT"]
[Site "Haifa"]
[Date "1989.??.??"]
[Round "2"]
[White "Mossong, Hubert"]
[Black "D'Amore, Carlo"]
[Result "0-1"]
[WhiteElo "2325"]
[BlackElo "2410"]

1.e4 g6 2.Nc3 Bg7 3.d4 d6 4.Be3 c6 5.Nf3 Nd7 6.Bd3 b5 7.Ne2 Nb6 8.h3 Nf6
9.O-O O-O 10.c3 Qc7 11.Ng3 a6 12.b3 c5 13.Bc2 a5 14.Qd2 Bb7 15.Rfc1 c4 16.d5 Rfc8
17.Nd4 b4 18.Nb5 Qd7 19.a4 bxc3 20.Qe2 cxb3 21.Bxb3 Qd8 22.Bd4 Ba6 23.Rxc3 Nfd7
24.Bxg7 Bxb5 25.Qxb5 Kxg7 26.Rac1 Rc5 27.Rxc5 Nxc5 28.Bd1 Nbd7 29.Qb2+ f6
30.Qc2 Rb8 31.Be2 Nb3 32.Rd1 Qc8 33.Qxc8 Rxc8 34.Bg4 Rc7 35.Bxd7 Rxd7 36.Ne2 Nc5
37.Rb1 Nxa4 38.Ra1 Nc5 39.Rxa5 Nxe4 40.Nd4 f5 41.Ne6+ Kf6 42.f4 Nc3 43.Nf8 Rb7
44.Nxh7+ Kg7 45.Ng5 Ne2+ 46.Kf2 Nxf4 47.g3 Nd3+ 48.Ke3 Nc5 49.Ra3 Kf6 50.Nf3 Rb4
51.Nd4 g5 52.Ne2 Na4 53.Kf3 Nb6 54.Rd3 Rb5 55.Nc3 Rb2 56.Ne2 Nc4 57.Rc3 Nd2+
58.Ke3 Ne4 59.Rd3 Ke5 60.Kf3 Rd2 61.Rxd2 Nxd2+ 62.Ke3 Nc4+ 63.Kd3 Nb6  0-1

[Event "EU-chT"]
[Site "Haifa"]
[Date "1989.??.??"]
[Round "3"]
[White "Bryson, Douglas M"]
[Black "Schlosser, Michael"]
[Result "1-0"]
[WhiteElo "2275"]
[BlackElo "2430"]

1.e4 g6 2.d4 Bg7 3.Nc3 d6 4.f4 a6 5.Nf3 b5 6.Be3 Bb7 7.Bd3 Nd7 8.O-O c5 9.a4 b4
10.Ne2 Ngf6 11.Ng3 Ng4 12.Bd2 cxd4 13.Qe2 a5 14.h3 Ne3 15.Rf2 O-O 16.c3 bxc3
17.bxc3 e5 18.cxd4 exd4 19.Rb1 Nc5 20.Nxd4 Nd5 21.Nb5 Re8 22.Bc2 Nf6 23.e5 dxe5
24.fxe5 Nd5 25.Qc4 Bxe5 26.Nf5 gxf5 27.Qxc5 Rc8 28.Qa7 Rxc2 29.Qxb7 Nf6 30.Bxa5 Qd3
31.Qf3 Ne4 32.Qxd3 Rxf2 33.Qd7 Ra8 34.Rc1 Kg7 35.Qd5 Bf4 36.Qxa8 Bxc1 37.Bb6 Re2
38.Kf1 Ng3+ 39.Kg1 Re1+ 40.Kf2 Rf1+ 41.Kxg3 Bf4+ 42.Kh4 Kg6 43.Qg8+ Kh6 44.Qf8+ Kg6
45.Qg8+ Kh6 46.g3  1-0

[Event "EU-chT"]
[Site "Haifa"]
[Date "1989.??.??"]
[Round "4"]
[White "Renet, Olivier"]
[Black "D'Amore, Carlo"]
[Result "1-0"]
[WhiteElo "2515"]
[BlackElo "2410"]

1.e4 g6 2.d4 Bg7 3.Nc3 d6 4.f4 Nc6 5.Be3 Nf6 6.Nf3 O-O 7.e5 Ng4 8.Bg1 Nh6
9.h3 f6 10.d5 Nb8 11.e6 c6 12.g4 Na6 13.Qd2 b5 14.f5 b4 15.Nd1 Qa5 16.Ne3 gxf5
17.gxf5 Kh8 18.Nd4 cxd5 19.Ng4 Ng8 20.Be3 Nc5 21.Rg1 Bb7 22.Qg2 b3+ 23.Bd2 Qxa2
24.Rxa2 bxa2 25.Nf2  1-0

[Event "EU-chT"]
[Site "Haifa"]
[Date "1989.??.??"]
[Round "6"]
[White "Schlosser, Michael"]
[Black "Ludgate, Alan"]
[Result "1-0"]
[WhiteElo "2430"]
[BlackElo "2255"]

1.e4 g6 2.d4 Bg7 3.Nc3 d6 4.f4 Nf6 5.Nf3 O-O 6.Be2 c5 7.dxc5 Qa5 8.O-O Qxc5+
9.Kh1 Nbd7 10.Bd3 b6 11.Qe1 Bb7 12.Be3 Qc6 13.Nd4 Qc8 14.Qh4 Nc5 15.f5 Nxd3
16.cxd3 Ba6 17.Rad1 b5 18.Rf3 b4 19.Nd5 Nxd5 20.exd5 Bf6 21.Bg5 Bxd4 22.Qxd4 f6
23.Bh6 Rf7 24.Rc1 Qd7 25.Qe4 gxf5 26.Qe6 Qe8 27.Qxf5 Bc8 28.Qh5 Bd7 29.Rg3+ Kh8
30.Rc7 e5 31.dxe6 Qxe6 32.h3 Rg8 33.Rxg8+ Kxg8 34.Rxa7 Re7 35.Qh4 Qe1+ 36.Qxe1 Rxe1+
37.Kh2 Be6 38.Re7 Re5 39.d4 Re4 40.a4 bxa3 41.bxa3 f5 42.a4 Bd5 43.Rxe4 Bxe4
44.Bf4 d5 45.a5 Bd3 46.Kg3 Kf7 47.Bd2 Ke6 48.Kf4 Bf1 49.g3 Kd6 50.h4 h5 51.Kg5 Be2
52.a6 Kc6 53.Ba5 Bg4 54.a7 Kb7 55.Bb6 Bd1 56.Kxf5 Bg4+ 57.Ke5 Bf3 58.Bc5 Ka8
59.g4 Bxg4 60.Kxd5 Bf3+ 61.Kd6 Kb7 62.d5  1-0

[Event "EU-chT"]
[Site "Haifa"]
[Date "1989.??.??"]
[Round "8"]
[White "Bryson, Douglas M"]
[Black "Ludgate, Alan"]
[Result "1-0"]
[WhiteElo "2275"]
[BlackElo "2255"]

1.e4 g6 2.d4 Bg7 3.Nc3 d6 4.f4 Nf6 5.Nf3 O-O 6.Bd3 Nc6 7.O-O Bg4 8.e5 dxe5
9.dxe5 Nd5 10.h3 Nxc3 11.bxc3 Bf5 12.Qe2 Qd7 13.Be3 Rfd8 14.Rad1 Bxd3 15.cxd3 b5
16.Bc5 e6 17.d4 a6 18.Ng5 Ne7 19.Ne4 Nd5 20.Rf3 a5 21.g4 f5 22.exf6 Nxf6
23.Ng5 Re8 24.Re1 Nd5 25.Nxe6 b4 26.cxb4 axb4 27.f5 Qa4 28.fxg6 Nc3 29.Qc4 Qxa2
30.Nd8+ Qxc4 31.Rxe8+ Bf8 32.Rexf8+ Kg7 33.R8f7+ Kh6 34.g5+ Kh5 35.gxh7  1-0

[Event "EU-chT"]
[Site "Haifa"]
[Date "1989.??.??"]
[Round "8"]
[White "Yilmaz, Turham"]
[Black "Davies, Nigel R"]
[Result "1/2-1/2"]
[WhiteElo "2325"]
[BlackElo "2470"]

1.e4 g6 2.d4 d6 3.Nc3 Bg7 4.Be3 a6 5.Qd2 Nd7 6.f3 b5 7.a4 b4 8.Nd1 Rb8 9.a5 c5
10.Ne2 Qc7 11.Nf2 Ngf6 12.c3 bxc3 13.bxc3 O-O 14.h4 Rb5 15.c4 Rb4 16.Bh6 Bxh6
17.Qxh6 Rxc4 18.e5 dxe5 19.Ng3 Rxd4 20.h5 Qb8 21.Bd3 Rxd3 22.Nxd3 e4 23.Nf4 Qe5
24.O-O-O Qc3+ 25.Kb1 c4 26.hxg6 Qb3+ 27.Ka1 c3 28.Rd2 cxd2 29.Ngh5 Qa3+ 30.Kb1  1/2-1/2

[Event "EU-chT"]
[Site "Haifa"]
[Date "1989.??.??"]
[Round "9"]
[White "Kindermann, Stefan"]
[Black "Todorcevic, Miodrag"]
[Result "1-0"]
[WhiteElo "2530"]
[BlackElo "2530"]

1.e4 g6 2.d4 Bg7 3.Nc3 d6 4.f4 c6 5.Nf3 Bg4 6.Be3 Qb6 7.Qd2 Bxf3 8.gxf3 Nd7
9.Bh3 Rd8 10.O-O-O Qa5 11.Bxd7+ Rxd7 12.Kb1 Nf6 13.Rhg1 b5 14.f5 b4 15.Ne2 Rb7
16.Nc1 Nd7 17.Bh6 Bf6 18.f4 Rg8 19.e5 Bh8 20.Qe2 Kd8 21.h4 Nb6 22.h5 Nd5
23.Ka1 Kc7 24.fxg6 hxg6 25.f5 dxe5 26.fxg6 fxg6 27.hxg6 Nf4 28.Qe4 Bg7 29.Bxg7 Rxg7
30.dxe5 Nd5 31.Nb3 Qb6 32.Nd4 Kb8 33.Qf3 Rg8 34.Qf7  1-0

[Event "EU-chT"]
[Site "Haifa"]
[Date "1989.??.??"]
[Round "9"]
[White "Dueckstein, Andreas"]
[Black "Watson, William N"]
[Result "1/2-1/2"]
[WhiteElo "2355"]
[BlackElo "2495"]

1.e4 g6 2.d4 Bg7 3.Nc3 d6 4.Be3 a6 5.Qd2 b5 6.a4 b4 7.Nd1 a5 8.c3 Nf6 9.f3 bxc3
10.Nxc3 O-O 11.Bc4 Nc6 12.Nge2 Nb4 13.d5 c6 14.dxc6 Nxc6 15.O-O Ne5 16.Bb5 Bb7
17.Rad1 Rc8 18.b3 Qc7 19.Rc1 Qb8 20.Rfd1 Ned7 21.Nf4 Nc5 22.Bc4 Bc6 23.Rb1 Rfe8
24.Nfd5 Nfd7 25.Nb5 Ne5 26.Bf1 Bxd5 27.exd5 Qa8 28.Na3 Rc7 29.Bb5 Rec8 30.Qe2 h5
31.h3 Bf6 32.f4 Ned7 33.Nc4 Ne4 34.Bxd7 Nc3 35.Qd3 Rxd7 36.Nb6 Qb7 37.Rbc1 Rdc7
38.Nxc8 Nxd1 39.Nxe7+ Rxe7 40.Rxd1 Qb4 41.Kh2 Rb7 42.Bd2 Qxb3 43.Qxb3 Rxb3
44.Bxa5 Bh4 45.Be1 Bxe1 46.Rxe1 Ra3 47.Re4 Kg7 48.Rd4 h4 49.Kg1 Ra2  1/2-1/2

[Event "Haninge"]
[Site "Haninge"]
[Date "1989.??.??"]
[Round "?"]
[White "Wedberg, Tom"]
[Black "Smyslov, Vassily"]
[Result "1-0"]
[WhiteElo "2510"]
[BlackElo "2560"]

1.e4 d6 2.d4 g6 3.Nc3 Bg7 4.f4 a6 5.Nf3 b5 6.Bd3 e6 7.O-O Ne7 8.Be3 Nd7 9.Qe1 O-O
10.Rd1 Bb7 11.f5 exf5 12.exf5 Nd5 13.Bg5 Qe8 14.Qh4 f6 15.Rde1 Qf7 16.Nxd5 Bxd5
17.Bd2 Rfe8 18.b3 Rxe1 19.Qxe1 Re8 20.Qg3 Be4 21.Bxe4 Rxe4 22.fxg6 Qxg6 23.Qf2 f5
24.c3 Bf6 25.Ne1 b4 26.Qxf5 Qxf5 27.Rxf5 bxc3 28.Bxc3 c5 29.Nf3 cxd4 30.Bd2 Kg7
31.Rd5 Be5 32.Nxe5 Nxe5 33.Rxd6 Kf7 34.h3 Nd3 35.Rxa6 Re2 36.Bg5 Nc5 37.Rf6+ Kg7
38.Rd6 Ne4 39.Bh6+ Kf7 40.Rxd4 Kg6 41.Bf8 Kf5 42.a4 h5 43.Rd1 Ra2 44.Bg7 Ra3
45.Ra1 Rxb3 46.a5 Ke6 47.a6 Rb8 48.a7 Ra8 49.Bd4 Kd5 50.Be3 Nc3 51.Ra5+ Ke4
52.Bf2  1-0